• 首页
  • 本馆介绍
  • 公告通知
  • 最新文献
  • 馆藏检索
  • 电子资源
  • 读者导购
  • 参考咨询
  • 我的图书馆
  • 登录
  • 详细信息显示
  • 放入我的书架
  • 预约/预借图书
  • 作者相关作品
  • 分类相关作品
  • 丛书相关作品
  • 出版社相关作品

书目信息

  • 表格格式
  • 工作单格式
  • 卡片格式
题名:
电子产品检验技术
    
 
作者: 丁向荣 , 刘政 , 饶瑞福 编著
分册:  
出版信息: 北京   化学工业出版社  2017.6
页数: 200页
开本: 26cm
丛书名:
单 册:
中图分类: TN06
科图分类:
主题词: 电子产品--检验--高等职业教育--教材
电子资源:
ISBN: 978-7-122-29453-1
000 01249nam0 2200277 450
001 0400001796
005 20171025165333.23
010    @a978-7-122-29453-1@dCNY30.00
100    @a20170802d2017 em y0chiy50 ea
101 0  @achi
102    @aCN@b110000
105    @aa z 000yy
106    @ar
200 1  @a电子产品检验技术@9dian zi chan pin jian yan ji shu@f丁向荣, 刘政, 饶瑞福编著
205    @a第2版
210    @a北京@c化学工业出版社@d2017.6
215    @a200页@c图@d26cm
300    @a高职高专“十三五”规划教材——电气电子系列
330    @a本书涉及电子产品质量与产品标准、电子产品检验,包括电子元器件的进料检验、电子产品生产过程检验以及电子产品开发的型式检验等。依照电子产品本身的产品实现来编排,从产品开发过程、生产采购过程、产品生产过程、成品验收等相关检验技术、检验要求、检验方法等内容。全书共分为标准及标准化、电子产品检验基础、电子产品开发过程的检验、电子产品的进料检验、电子产品生产过程检验、电子产品的可靠性验证、电子产品的性能测试以及电子产品检验结果的分析与处理。
606 0  @a电子产品@x检验@x高等职业教育@j教材
690    @aTN06@v5
701  0 @a丁向荣@9ding xiang rong@4编著
701  0 @a刘政@9Liu Zheng@4编著
701  0 @a饶瑞福@9rao rui fu@4编著
801  0 @aCN@b91MARC@c20171019
905    @b1030676-80@dTN06@f5@e137=2
    
    电子产品检验技术/丁向荣, 刘政, 饶瑞福编著.-第2版.-北京:化学工业出版社,2017.6
    200页:图;26cm
    高职高专“十三五”规划教材——电气电子系列
    
    ISBN 978-7-122-29453-1:CNY30.00
    本书涉及电子产品质量与产品标准、电子产品检验,包括电子元器件的进料检验、电子产品生产过程检验以及电子产品开发的型式检验等。依照电子产品本身的产品实现来编排,从产品开发过程、生产采购过程、产品生产过程、成品验收等相关检验技术、检验要求、检验方法等内容。全书共分为标准及标准化、电子产品检验基础、电子产品开发过程的检验、电子产品的进料检验、电子产品生产过程检验、电子产品的可靠性验证、电子产品的性能测试以及电子产品检验结果的分析与处理。
●
相关链接 在E读中查询图书 在五车中查询图书 在当当中查询图书 在豆瓣中查询图书


正题名:电子产品检验技术     索取号:TN06/137=2         预约/预借

序号 登录号 条形码 馆藏地/架位号 状态 备注
1 1030676   210306765   第二样本阅览室/ [索取号:TN06/137=2] 在馆    
2 1030677   210306774   第三借阅区/ [索取号:TN06/137=2] 在馆    
3 1030678   210306783   第三借阅区/ [索取号:TN06/137=2] 在馆    
4 1030679   210306792   第三借阅区/ [索取号:TN06/137=2] 在馆    
5 1030680   210306809   密集书库-物理学院/ [索取号:TN06/137=2] 在馆    
唐山师范学院图书馆 欢迎您!
大连网信软件有限公司© 版权所有